Introduction aux nombres transcendants /
Guardado en:
| Autor Principal: | |
|---|---|
| Otros Autores: | |
| Formato: | Libro |
| Idioma: | French German |
| Publicado: |
Paris :
Gauthier-Villars,
1959.
|
| Etiquetas: |
Agregar Etiqueta
Sin Etiquetas, Sea el primero en etiquetar este registro!
|
| LEADER | 00682nam a22001815a 4500 | ||
|---|---|---|---|
| 001 | MAT.inmabb001185 | ||
| 008 | 031120s1959####fr############000#0#fre#d | ||
| 005 | 20170811164946.0 | ||
| 245 | 1 | 0 | |a Introduction aux nombres transcendants / |c par Théodor Schneider ; traduit de l'allemand par Pierre Eymard. |
| 260 | |a Paris : |b Gauthier-Villars, |c 1959. | ||
| 300 | |a viii, 149 p. ; |c 24 cm. | ||
| 500 | |a L'édition allemande est parue sous le titre: Einführung in die transzendenten Zahlen (Springer, 1957). | ||
| 510 | 4 | |a MR, |c 21 #5620 | |
| 100 | 1 | |a Schneider, Théodor. | |
| 700 | 1 | |a Eymard, Pierre. |4 trl | |
| 084 | |a 11-XX |2 msc2000 | ||
| 041 | 1 | |a fre |h ger | |
| 859 | |h 11 |i Sc358 |p A-1255 |b BIB. MATEMATICA | ||
